Les maitres mosaïstes. (Record no. 164671)

MARC details
000 -LEADER
campo de control de longitud fija 00829nam a2200241 i 4500
001 - NÚMERO DE CONTROL
campo de control 164671
003 - IDENTIFICADOR DE NÚMERO DE CONTROL
campo de control ES-MaACL
005 - FECHA Y HORA DE LA ÚLTIMA TRANSACCIÓN
campo de control 20230906212959.0
008 - DATOS DE LONGITUD FIJA--INFORMACIÓN GENERAL
campo de control de longitud fija 050804s1863 fr | |||||||| ||fre d
040 ## - FUENTE DE CATALOGACIÓN
Centro catalogador/agencia de origen CAM
Lengua de catalogación spa
Centro/agencia transcriptor CAM
100 1# - ENTRADA PRINCIPAL--NOMBRE DE PERSONA
Nombre de persona Sand, George,
Fechas asociadas al nombre 1804-1876
9 (RLIN) 103060
245 14 - MENCIÓN DEL TÍTULO
Título Les maitres mosaïstes.
250 ## - MENCION DE EDICION
Mención de edición 4e éd.
260 ## - PUBLICACIÓN, DISTRIBUCIÓN, ETC.
Lugar de publicación, distribución, etc. Paris :
Nombre del editor, distribuidor, etc. Michel Lévy fréres éditeurs,
Fecha de publicación, distribución, etc. 1863 (
Fabricante Imprimerie de J. Claye)
300 ## - DESCRIPCIÓN FÍSICA
Extensión VII, 238 p. ;
Dimensiones 18 cm.
490 1# - MENCIÓN DE SERIE
Mención de serie Bibliothèque contemporaine
490 1# - MENCIÓN DE SERIE
Mención de serie George Sand oeuvres choisies
594 ## - Nota al título y mención de responsabilidad
Nota al título y mención de responsabilidad Todos los datos tomados de la cub. original.
830 0# - PUNTO DE ACCESO ADICIONAL DE SERIE-TÍTULO UNIFORME
Título uniforme Bibliothèque contemporaine
9 (RLIN) 181673
830 0# - PUNTO DE ACCESO ADICIONAL DE SERIE-TÍTULO UNIFORME
Título uniforme George Sand oeuvres choisies
9 (RLIN) 222365
852 ## - LOCALIZACIÓN
Ubicación ES-MaACL
Número de control de estantería G-14518
Nota libre -- Enc. hol. conservando la cub. original
Holdings
Estatus retirado Estado de pérdida Estado de daño No para préstamo Colección Biblioteca de origen Biblioteca actual Ubicación en estantería Fecha de adquisición Fuente de adquisición Total de préstamos Signatura topográfica completa Código de barras Visto por última vez Precio de reemplazo Tipo de ítem Koha
        Libros del s. XIX Biblioteca del Ateneo de Madrid Biblioteca del Ateneo de Madrid Sala Pecera Planta 3 17/01/2008     G-14518 1172619 23/02/2023 23/02/2023 Libro impreso antiguo